| 000 | 00880pam a2200277 i 4500 | ||
|---|---|---|---|
| 001 | 16398 | ||
| 003 | BD-RjUL | ||
| 005 | 20211209000014.0 | ||
| 008 | 140213t1976 ilua b 101 0 eng | ||
| 020 | _a0398034389 | ||
| 035 | _a(BD-RjUL)16453 | ||
| 040 |
_aDLC _cDLC _dDLC _dBD-RjUL _beng |
||
| 041 | _aeng | ||
| 082 | 0 | 0 |
_a796.41 _bSAA 1976 |
| 100 | 1 |
_aSalmela, John H. _950696 |
|
| 111 | 2 |
_aCanadian Symposium for the Advanced Study of Gymnastics, _cUniversité Laval, _d1974. _950704 |
|
| 245 | 1 | 4 |
_aThe advanced study of gymnastics / _cby John H. Salmela. |
| 260 |
_aSpringfield, Ill. : _bThomas, _cc1976. |
||
| 300 |
_axv, 271 p. : _bill. ; _c24 cm. |
||
| 500 | _aSymposium held July 2-4, 1974. | ||
| 504 | _aIncludes bibliographies and indexes. | ||
| 650 | 0 |
_aGymnastics _xCongresses. _950698 |
|
| 942 |
_2ddc _cBK |
||
| 999 |
_c16398 _d16398 |
||